000 00601nam a2200229Ia 4500
003 OSt
005 20220928144036.0
006 a|||||r|||| 00| 0
007 ta
008 220927b |||||||| |||| 00| 0 eng d
024 _a23720
037 _cTextual
040 _aSDCL
_cSDCL
_beng
041 _2eng
_aeng
082 _aX9:8, L4
100 _aGelb Gabriel M Ed.
_9506459
245 0 _aInsights for marketing management
260 _c1974
700 _a Gelb Betsy D Ed.
_9506460
942 _hX9:8, L4
_cTEXL
_2CC
999 _c825665
_d825665